000 01292nam a22002177a 4500
005 20250530162656.0
008 250418b |||||||| |||| 00| 0 eng d
020 _a9780755642397
040 _aSDCL
_cSDCL
041 _2eng
_aeng
084 _aY5927 R4
100 _aSkaria, Jobymon
_9752452
245 _aDalit theology, boundary crossings and liberation in India :
_bA biblical and postcolonial study
260 _aLondon :
_bBloomsbury,
_c2024.
300 _a223p.
520 _aJobymon Skaria, an Indian St Thomas Christian Scholar, offers a critique of Indian Christian theology and suggests that constructive dialogues between Biblical and dissenting Dalit voices - such as Chokhamela, Karmamela, Ravidas, Kabir, Nandanar and Narayana Guru - could set right the imbalance within Dalit theology, and could establish dialogical partnerships between Dalit Theologians, non-Dalit Christians and Syrian Christians. Drawing on Biblical and socio-historical resources, this book examines a radical, yet overlooked aspect of Dalit cultural and religious history which would empower the Dalits in their everyday existences
650 _aChristianity -- India
650 _aDalits -- Religion -- India
_9811279
650 _aLiberation theology -- India
_9811280
942 _2CC
_cTEXL
_n0
999 _c1309170
_d1309170